000 00907nas a2200313 4500
001 BR0302361
003 BR-BrBNA
005 20231205103756.0
007 ta
008 230509b bl.|||p| |||| 00| 00por d
040 _aBR-BrBNA
_bpor
_cBiblioteca Nacional de Agricultura
041 _a(Pt)
072 _aJ14
100 1 _aGomes, L. de C.
100 1 _aAraújo-Lima, C.A.R.M.
100 1 _aRoubacha, R.
100 1 _aUrbinati, E.C.
245 1 _aAvaliação dos efeitos da adição de sal e da densidade no transporte de tambaqui
650 _aTAMBAQUI
650 _aSAL
650 _aÁGUA
650 _aSTRESS
650 _aCLORETO DE SÓDIO
650 _aTRANSPORTE
650 _aPISCICULTURA
773 0 _tPesquisa Agropecuária Brasileira (Brazil)
_xISSN 0100-204X
_g(Feb 2003), v. 38(2) p. 283-290
_wBR0302361
909 _a202311
_bLúcia
_c55
_dLúcia Elande
942 _2AGRIS
_n0
_cANA
999 _c174667
_d174667